[Event "WC-2021-S-00006"]
[Site "LSS email"]
[Date "2021.04.03"]
[Round "?"]
[White "Glatthaar, Michael"]
[Black "Kovacs, Arthur"]
[Result "1/2-1/2"]
[WhiteElo "2501"]
[BlackElo "2474"]
[PlyCount "61"]
[EventDate "2021.04.03"]
[EventType "tourn (corr)"]
[EventRounds "6"]
[EventCountry "GER"]
[SourceTitle "Corr 2024"]
[Source "ChessBase"]
[SourceDate "2023.10.19"]
[SourceVersion "1"]
[SourceVersionDate "2023.10.19"]
[SourceQuality "1"]

1. e4 e5 2. Nf3 Nc6 3. Bb5 a6 4. Ba4 Nf6 5. d3 b5 6. Bb3 Bc5 7. c3 d6 8. 0-0 0-0 9. Nbd2 Bb6 10. Re1 Ne7 11. a4 Rb8 12. Nf1 h6 13. h3 c5 14. Nh4 Qc7 15. Ng3 c4 16. Bc2 Be6 17. Qf3 d5 18. axb5 axb5 19. exd5 Bxd5 20. Qe2 Rfe8 21. Be3 cxd3 22. Bxb6 Rxb6 23. Bxd3 e4 24. Bxb5 Reb8 25. c4 Qf4 26. cxd5 Rxb5 27. Nxe4 Nxe4 28. Qxe4 Nxd5 29. Nf5 Qxe4 30. Rxe4 Rxb2 31. Rg4 1/2-1/2

[Event "WC-2021-S-00006"]
[Site "LSS email"]
[Date "2021.04.03"]
[Round "?"]
[White "Glatthaar, Michael"]
[Black "Kuhne, Detlev"]
[Result "1/2-1/2"]
[WhiteElo "2501"]
[BlackElo "2474"]
[PlyCount "55"]
[EventDate "2021.04.03"]
[EventType "tourn (corr)"]
[EventRounds "6"]
[EventCountry "GER"]
[SourceTitle "Corr 2024"]
[Source "ChessBase"]
[SourceDate "2023.10.19"]
[SourceVersion "1"]
[SourceVersionDate "2023.10.19"]
[SourceQuality "1"]

1. e4 e5 2. Nf3 Nc6 3. Bb5 a6 4. Ba4 Nf6 5. d3 Bc5 6. c3 b5 7. Bb3 d6 8. 0-0 h6 9. Re1 0-0 10. h3 Re8 11. a4 Rb8 12. Nbd2 Bb6 13. axb5 axb5 14. Nf1 Ne7 15. Nh4 Kh7 16. d4 Ng6 17. Nxg6 fxg6 18. dxe5 Rxe5 19. Bc2 Bb7 20. Ng3 Qe7 21. Be3 Nxe4 22. Bxb6 Nxg3 23. Rxe5 Qxe5 24. Qg4 Ne2+ 25. Kf1 cxb6 26. Re1 Qf6 27. Rxe2 Bc8 28. Qd4 1/2-1/2

[Event "WC-2021-T-00003"]
[Site "LSS email"]
[Date "2021.01.15"]
[Round "?"]
[White "Glatthaar, Michael"]
[Black "Bernal Varela, Nelson"]
[Result "1/2-1/2"]
[WhiteElo "2490"]
[BlackElo "2431"]
[PlyCount "70"]
[EventDate "2021.01.15"]
[EventType "tourn (corr)"]
[EventRounds "10"]
[EventCountry "GER"]
[SourceTitle "Corr 2024"]
[Source "ChessBase"]
[SourceDate "2023.10.19"]
[SourceVersion "1"]
[SourceVersionDate "2023.10.19"]
[SourceQuality "1"]

1. e4 e6 2. d4 d5 3. Nc3 Nf6 4. e5 Nfd7 5. f4 c5 6. Nf3 cxd4 7. Nxd4 Nc6 8. Be3 Qb6 9. Qd2 Qxb2 10. Rb1 Qa3 11. Bb5 Nxd4 12. Bxd4 a6 13. Bxd7+ Bxd7 14. Rb3 Qe7 15. Rxb7 Rc8 16. 0-0 Qd8 17. Qe3 Rc4 18. Rfb1 Be7 19. h3 0-0 20. Kh2 h6 21. Ra7 Bb4 22. Ne2 Ba5 23. Rxa6 Rxc2 24. Ra7 Rxa2 25. Qf3 Ba4 26. Bc5 Bc2 27. Rb5 Be4 28. Qg4 Bf5 29. Qg3 Rxe2 30. Rbxa5 Kh7 31. Bxf8 Qxf8 32. Ra2 Rxa2 33. Rxa2 Qc5 34. Rd2 Be4 35. Re2 Qc4 1/2-1/2

[Event "WC-2021-T-00003"]
[Site "LSS email"]
[Date "2021.01.15"]
[Round "?"]
[White "Glatthaar, Michael"]
[Black "Broniek, Mariusz Maciej"]
[Result "1/2-1/2"]
[WhiteElo "2490"]
[BlackElo "2448"]
[PlyCount "72"]
[EventDate "2021.01.15"]
[EventType "tourn (corr)"]
[EventRounds "10"]
[EventCountry "GER"]
[SourceTitle "Corr 2024"]
[Source "ChessBase"]
[SourceDate "2023.10.19"]
[SourceVersion "1"]
[SourceVersionDate "2023.10.19"]
[SourceQuality "1"]

1. e4 c5 2. Nf3 d6 3. d4 cxd4 4. Nxd4 Nf6 5. Nc3 a6 6. Be3 e5 7. Nb3 Be6 8. f3 Nbd7 9. Qd2 h5 10. Nd5 Bxd5 11. exd5 g6 12. Be2 Bg7 13. 0-0-0 b5 14. Na5 Nb6 15. Kb1 Nbxd5 16. Bg5 0-0 17. Qxd5 Nxd5 18. Bxd8 Nf4 19. Bg5 Nxe2 20. Rxd6 Nd4 21. c3 Nf5 22. Rc6 f6 23. Bc1 g5 24. Nb3 Ne7 25. Rd6 Nf5 26. Rb6 Rfb8 27. Rc6 Ne7 28. Rd6 Rd8 29. Rxd8+ Rxd8 30. Nc5 Nd5 31. Nxa6 Bf8 32. h3 Kf7 33. a3 Ke6 34. Nb4 Bxb4 35. axb4 h4 36. Re1 Rc8 1/2-1/2

[Event "WC-2020-S-00004"]
[Site "LSS email"]
[Date "2020.04.01"]
[Round "?"]
[White "Glatthaar, Michael"]
[Black "Mueller, Klaus"]
[Result "1/2-1/2"]
[WhiteElo "2508"]
[BlackElo "2460"]
[PlyCount "75"]
[EventDate "2020.04.01"]
[EventType "tourn (corr)"]
[EventRounds "12"]
[EventCountry "GER"]
[SourceTitle "Corr 2022"]
[Source "ChessBase"]
[SourceDate "2021.10.24"]
[SourceVersion "1"]
[SourceVersionDate "2021.10.24"]
[SourceQuality "1"]

1. e4 e5 2. Nf3 Nc6 3. Bc4 Bc5 4. c3 Nf6 5. d3 d6 6. 0-0 a6 7. a4 h6 8. Re1 0-0 9. Nbd2 a5 10. h3 Be6 11. Bb5 Ne7 12. d4 exd4 13. Nxd4 Bd7 14. Nf1 Re8 15. Ng3 Ng6 16. f4 Bxb5 17. axb5 Qd7 18. Kh2 a4 19. Rxa4 Rxa4 20. Qxa4 h5 21. Qc2 Bxd4 22. cxd4 Qxb5 23. e5 h4 24. Nf5 Nd5 25. Qf2 Nde7 26. Nxh4 Nxh4 27. Qxh4 Nf5 28. Qf2 Qb6 29. Be3 Nxe3 30. Qxe3 Qxb2 31. f5 Qb4 32. e6 fxe6 33. Qe4 e5 34. f6 Qc4 35. Re3 gxf6 36. Rg3+ Kf7 37. Qh7+ Ke6 38. Rg7 1/2-1/2

[Event "WC-2020-S-00004"]
[Site "LSS email"]
[Date "2020.04.01"]
[Round "?"]
[White "Mueller, Klaus"]
[Black "Glatthaar, Michael"]
[Result "1/2-1/2"]
[WhiteElo "2460"]
[BlackElo "2508"]
[PlyCount "75"]
[EventDate "2020.04.01"]
[EventType "tourn (corr)"]
[EventRounds "12"]
[EventCountry "GER"]
[SourceTitle "Corr 2022"]
[Source "ChessBase"]
[SourceDate "2021.10.24"]
[SourceVersion "1"]
[SourceVersionDate "2021.10.24"]
[SourceQuality "1"]

1. d4 d5 2. c4 e6 3. Nc3 c6 4. e3 Nf6 5. Nf3 Nbd7 6. Qc2 Bd6 7. Bd3 0-0 8. 0-0 dxc4 9. Bxc4 a6 10. Rd1 b5 11. Bd3 h6 12. e4 e5 13. h3 Qc7 14. Be3 exd4 15. Nxd4 Re8 16. Rac1 Ne5 17. Bf1 Bd7 18. Qd2 Bb4 19. Ncxb5 Qa5 20. Nc3 Nxe4 21. Qc2 Nxc3 22. bxc3 Ba3 23. Rb1 Bf8 24. Bf4 c5 25. Nb3 Qc7 26. Nd2 g6 27. Ne4 Qc6 28. Ng3 h5 29. Qd2 Rad8 30. Qe3 Bg7 31. Ne4 Bf5 32. Rxd8 Rxd8 33. f3 Re8 34. Rd1 Qa4 35. Rd6 Bxe4 36. Rxa6 Qc2 37. Qxe4 Qxc3 38. Ra8 1/2-1/2